Kansas High School Mascots 6A-4A - Statistics

General Stats
  • This quiz has been taken 104 times
  • The average score is 48 of 108
Answer Stats
SCHOOL Answer % Correct
Hugoton | Maize | Olathe North Eagles
93%
Goddard | Lansing Lions
79%
Blue Valley | Clay Center | Fort Scott | +2 others Tigers
75%
Parsons | Shawnee Mission West | Topeka Seaman | Winfield Vikings
71%
Arkansas City | Baldwin | Independence | Wyandotte Bulldogs
68%
Salina South | Shawnee Mission Northwest Cougars
68%
Derby | Great Bend | Paola Panthers
68%
JC Harmon | Olathe East Hawks
64%
Andale | Clearwater | Hays | Manhattan Indians
64%
Andover Central | Blue Valley West | Mill Valley Jaguars
64%
Olathe West Owls
64%
Junction City Blue Jays
61%
Blue Valley North | Iola | Rock Creek | Salina Central Mustangs
61%
De Soto | El Dorado | Holton | +4 others Wildcats
61%
Olathe South | Wichita Heights Falcons
57%
Blue Valley Northwest Huskies
54%
Andover | Topeka Trojans
43%
Garden City Buffaloes
39%
Ottawa Cyclones
39%
Shawnee Mission East Lancers
39%
Maize South Mavericks
39%
Shawnee Mission South Raiders
39%
St. Thomas Aquinas Saints
39%
St. James Thunder
39%
Spring Hill Broncos
36%
Eudora Cardinals
36%
Bishop Carroll Golden Eagles
36%
Piper Pirates
36%
Olathe Northwest Ravens
36%
Gardner-Edgerton Blazers
32%
Bonner Springs Braves
32%
Emporia Spartans
32%
Blue Valley Southwest Timberwolves
32%
McPherson Bullpups
29%
Abilene Cowboys
29%
Buhler | Kapaun Mt. Carmel | Wellington Crusaders
29%
Hutchinson Salthawks
29%
Bishop Miege Stags
29%
Basehor-Linwood Bobcats
25%
Labette County | Wichita Northwest Grizzlies
25%
Shawnee Mission North Bison
21%
Topeka West Chargers
21%
Tonganoxie Chieftains
21%
Chapman Fighting Irish
21%
Free State Fire Birds
21%
Pratt Greenbacks
21%
Valley Center Hornets
21%
Washburn Rural Junior Blues
21%
Augusta Orioles
21%
Leavenworth | Wichita West Pioneers
21%
Dodge City Red Demons
21%
Liberal | Wichita North Redskins
21%
Rose Hill Rockets
21%
Circle | Shawnee Heights Thunderbirds
21%
Wichita South Titans
21%
Campus Warriors
21%
Chanute Blue Comets
18%
Lawrence Chesty Lions
18%
Atchison Phoenix
18%
Pittsburg Purple Dragons
18%
Newton Railers
18%
Turner Golden Bears
14%
Coffeyville Golden Tornado
14%
Wamego Red Raiders
14%
Highland Park Scots
14%
Wichita East Blue Aces
7%
Wichita Southeast Golden Buffaloes
7%
Sumner Academy Sabres
7%
Schlagle Stallions
4%
No matching quizzes found
Score Distribution
Percent of People with Each Score
Percentile by Number Answered
Your Score History
You have not taken this quiz